00000000nam##2200000za#4500
0019.688653
003CaOODSP
00520210624231529
007cr |||||||||||
008150407|2005||||xxc|||||o    f|0| 0 eng|d
040 |aCaOODSP|beng
043 |an-cn---
0861 |aSW21-150/2005E-PDF
1101 |aCanada. |bStatus of Women Canada.
24510|aReport on Status of Women Canada's on-line consultation on gender equality |h[electronic resource]
260 |aOttawa - Ontario : |bStatus of Women Canada |c2005.
300 |a27p.|bgraphs, tables
500 |a"Data analyzed for Status of Women Canada by Pavla Selepova."--Page 1. "This document reports the responses to the On-line Consultation on Gender Equality, which was held from September 9, 2005 to November 10, 2005."--Page 3.
590 |a06-10-Supp|b2006-12-15
69007|aConsultations|2gcpds
69007|aGender equality|2gcpds
69007|aInternet|2gcpds
77508|tRapport sur la consultation en ligne de Condition féminine Canada sur l'égalité entre les sexes |w(CaOODSP)9.633074
85640|ahttp://publications.gc.ca|qPDF|s281 KB|uhttps://publications.gc.ca/collections/Collection/SW21-150-2005E.pdf